Statistics for Odgonetni nazive filmova

Click here to take the quiz!

General Stats

  • This quiz has been taken 981 times
  • The average score is 9 of 18

Answer Stats

ZagonetkaNaziv% Correct
NERARane
97%
NJEMUMunje
87%
ARADPAParada
78%
KAPLOKKlopka
74%
AŠANATNataša
73%
NOROFESICALAPProfesionalac
68%
NJIŠEŠAŠišanje
62%
DOMZELJPEPodzemlje
58%
VIKČOTOTočkovi
52%
LJNRESŠTStršljen
48%
REREDEZTDezerter
41%
REHFADSILDHadersfild
30%
ROLJETIRAArtiljero
26%
AUTJERNTurneja
23%
GEJRARANIRingeraja
22%
NUGRAMBEBumerang
18%
TRIVALNILavirint
18%
HAMZAMENIMehanizam
16%

Score Distribution

Percentile by Number Answered

Percent of People with Each Score

Your Score History

You have not taken this quiz